Chef-lieux des cantons suisses - Statistiques

Statistiques générales
  • Ce quiz a été pris 15 fois
  • Le résultat moyen est 20 sur 26
Statistiques - réponses
Hint Réponse % Correct
Bâle-Ville Bâle
100%
Berne Berne
100%
Fribourg Fribourg
92%
Genève Genève
92%
Vaud Lausanne
92%
Neuchâtel Neuchâtel
92%
Appenzell Rhodes-Intérieures Appenzell
83%
Grisons Coire
83%
Jura Delémont
83%
Glaris Glaris
83%
Lucerne Lucerne
83%
Saint-Gall Saint-Gall
83%
Schwytz Schwytz
83%
Soleure Soleure
83%
Zoug Zoug
83%
Zurich Zurich
83%
Argovie Aarau
75%
Valais Sion
75%
Bâle-Campagne Liestal
67%
Schaffhouse Schaffhouse
67%
Uri Altdorf
58%
Thurgovie Frauenfeld
58%
Appenzell Rhodes-Extérieures Herisau
50%
Tessin Lugano
50%
Obwald Sarnen
42%
Nidwald Stans
42%
Aucun quiz correspondant
Distribution des résultats
% des personnes avec chaque résultat
Percentile par nombre de réponses
Votre historique - résultats
Vous n’avez pas pris ce quiz